| 000 | 00385nam a22001577a 4500 | ||
|---|---|---|---|
| 005 | 20160914171953.0 | ||
| 008 | 160914b xxu||||| |||| 00| 0 eng d | ||
| 020 | _a978-81-82240-63-3 | ||
| 041 | _aeng | ||
| 100 |
_aKhanna,S.K and Justo,C.E.G _93541 |
||
| 245 | _aHighway Engineering | ||
| 260 |
_bNewchand & Bros _c2011 |
||
| 300 | _a583 | ||
| 650 |
_aEngineering _93542 |
||
| 942 | _cBK | ||
| 999 |
_c5235 _d5233 |
||